Movies Quiz

Random Movies or Disney Quiz

Real Disney 'Princesses' Quiz Stats

Quiz not verified by Sporcle

Challenge
Share
Tweet
Embed
Score 0/20 Timer 10:00
1 Play Today
Movie Princess % Correct
____ _____ and the Seven Dwarfs (1939)Snow White
99.4%
Aladdin (1992)Jasmine
85.5%
The Little Mermaid (1989)Ariel
85.1%
Beauty and the Beast (1991)Belle
84.8%
The Lion King (1994)Nala
80.5%
Sleeping Beauty (1959)Aurora
79.2%
Tarzan (1999)Jane Porter
78.2%
The Princess and the Frog (2009)Tiana
77.4%
__________ (1950)Cinderella
67%
Alice in Wonderland (1951)Queen of Hearts
66.6%
Movie Princess % Correct
____ _____ and the Seven Dwarfs (1939)Evil Queen
57.2%
__________ (1995)Pocahontas
48.8%
Hercules (1997)Hera
46.7%
Peter Pan (1953)Tiger Lily
43.7%
Atlantis (2001)Kida
43.6%
The Lion King (1994)Sarabi
43.5%
Bambi (1942)Faline
36.8%
The Princess and the Frog (2009)Charlotte
33.8%
Black Cauldron (1985)Eilonwy
26.5%
Lilo and Stitch (2002)Grand Councilwoman
9.8%

You're not logged in!

Compare scores with friends on all Sporcle quizzes.
Join for Free
OR
Log In

You Might Also Like...

Show Comments

Extras

Top Quizzes Today


Score Distribution

Your Account Isn't Verified!

In order to create a playlist on Sporcle, you need to verify the email address you used during registration. Go to your Sporcle Settings to finish the process.

Report this User

Report this user for behavior that violates our Community Guidelines.

Details: